| 000 -LEADER |
| fixed length control field |
00585nam a2200205Ia 4500 |
| 001 - CONTROL NUMBER |
| control field |
1281 |
| 003 - CONTROL NUMBER IDENTIFIER |
| control field |
GE_BSU |
| 008 - FIXED-LENGTH DATA ELEMENTS--GENERAL INFORMATION |
| fixed length control field |
181216s||||||||xx |||||||||||||| ||und|| |
| 040 ## - CATALOGING SOURCE |
| Transcribing agency |
GE_BSU |
| 080 ## - UNIVERSAL DECIMAL CLASSIFICATION NUMBER |
| Universal Decimal Classification number |
821.353.1-1+821.353.1-3 |
| 100 ## - MAIN ENTRY--PERSONAL NAME |
| Personal name |
ტაბიძე, ტიციან |
| 245 ## - TITLE STATEMENT |
| Title |
(1893-1937) |
| 245 ## - TITLE STATEMENT |
| Statement of responsibility, etc. |
მთ.რედ:ინწკირველი,ეთერ |
| 260 ## - PUBLICATION, DISTRIBUTION, ETC. |
| Place of publication, distribution, etc. |
თბილისი |
| 260 ## - PUBLICATION, DISTRIBUTION, ETC. |
| Name of publisher, distributor, etc. |
საოჯახო ბიბლიოთეკა |
| 260 ## - PUBLICATION, DISTRIBUTION, ETC. |
| Date of publication, distribution, etc. |
2011 |
| 653 ## - INDEX TERM--UNCONTROLLED |
| Uncontrolled term |
ლიტერატურა |
| 942 ## - ADDED ENTRY ELEMENTS (KOHA) |
| Koha item type |
წიგნი |